000 00291nam a2200133Ia 4500
100 _aMukhi Vijay
942 _cBK
654 _aComputer
245 _a''''C'''' Odysssey unix the open Boundless
260 _bBPB Pub
_aNew Delhi
_c1992
082 _a5.13
546 _aENGLISH
999 _c26686
_d26686